00765 a2200205 4500010001400000020002300014035001300037037001800050082001700068090001500085100002300100245011000123260004800233270004400281300003000325500001900355942003000374999001500404952014000419 aENG-85313 a007060102Xc130.00 aEN-68846 bD.B.Act / Pub14a070.449 9332 c2034d20341 aSaito-Chung, David1 aInvestor's business dailycby David Saito-Chungbhow IBD rewrote the rules of investing and business news aNew DelhibTata Mcgrawhill Publishingc2006 a7, West Patel NagarbNew Delhie110 008 axx, 162 p.c23 cm. (Pbk.) aIncludes index adplcENk070.449332 / SAI c2000d2000 00102ddc40718FICaDBADbDBADeDBAD/PUBg130.00l0o070.449 9332 SAIpEN-68846r2008-09-15 00:00:00t1u2114v130.00w2008-09-15yEN